00295nam a2200085Ia 4500008004100000082001300041245007900054260006600133300001000199230907s9999||||xx |||||||||||||| ||und|| a355bTHO 0aRules of engagement in hybrid warfare integrated into operational design / aAir Command and Staff College,bMaxwell AFB, Alabama. :c2010 a29 p.